000 00795nam a22002177i 4500
005 20251112100636.0
008 250721s2023 jo gr 000 0 ara d
020 _a9789957837228
082 1 4 _a791.4
_bم ك ت
110 2 _aمكتبة المجتمع العربي
_eمعد.
245 1 0 _aمبادئ الكتابة للسينما و التلفزيون /
_cإعداد مكتبة المجتمع العربي.
250 _aالطبعة العربية الاولى.
264 3 1 _aعمان :
_bالمجتمع العربي للنشر والتوزيع،
_c2023.
300 _a121 صفحة.
650 1 7 _aالسينما.
650 1 7 _aالتلفاز.
650 1 7 _aالسيناريوهات.
650 1 7 _aالكتابة الفنية.
942 _2ddc
_cBK
999 _c147308
_d147308